[Event "AUTO-ELITE-1811"]
[Site "http://www.queenalice.com/game.php?id=1470851"]
[Date "2017.3.28"]
[Round "1"]
[White "nnetto"]
[Black "TigranPetrosian"]
[Result "0-1"]
[WhiteElo "2307"]
[BlackElo "2571"]

1. e4 c5 2. Nf3 d6 3. Bb5+ Bd7 4. Bxd7+ Qxd7 5. c4 Nc6 6. Nc3 e5 7. O-O Be7 8.
a3 Nf6 9. Rb1 a5 10. d3 h6 11. Bd2 O-O 12. Re1 b6 13. Qb3 Nd4 14. Nxd4 cxd4 15.
Na4 Rfb8 16. Qb5 Qc7 17. f4 Nd7 18. Rf1 Nc5 19. Rf3 Rb7 20. fxe5 dxe5 21. Rg3
Bg5 22. Bxg5 hxg5 23. Rf3 f6 24. Rh3 Rab8 25. Rf1 Nxa4 26. Qxa4 b5 27. cxb5 Rxb5
28. b4 Qf7 29. bxa5 Qb3 30. Qxb3+ Rxb3 31. Ra1 Rb1+ 32. Rxb1 Rxb1+ 33. Kf2 Rb5
34. Rf3 Rxa5 35. h3 Rxa3 36. Ke1 Kf7 37. Kf2 Ra2+ 38. Kg3 Rd2 39. Kh2 Ke6 40.
Rg3 Kd6 41. Rf3 Kc5 42. Rg3 Kb4 43. h4 gxh4 44. Rxg7 Rxd3 45. Rf7 Rg3 46. Rb7+
Kc3 47. Rc7+ Kd3 48. Rb7 Kxe4 49. Ra7 d3 50. Ra2 Ke3 51. Ra3 Ke2 52. Ra2+ d2 53.
Rc2 Ke1 54. Rxd2 Kxd2 0-1

[Event "AUTO-ELITE-1811"]
[Site "http://www.queenalice.com/game.php?id=1470852"]
[Date "2017.3.28"]
[Round "1"]
[White "TigranPetrosian"]
[Black "nnetto"]
[Result "1-0"]
[WhiteElo "2574"]
[BlackElo "2303"]

1. c4 e5 2. Nc3 Nc6 3. g3 Bc5 4. Bg2 d6 5. e3 a6 6. Nge2 Ba7 7. d4 Nge7 8. O-O
O-O 9. d5 Nb8 10. e4 Bg4 11. h3 Bd7 12. Qd3 a5 13. Be3 Qc8 14. Bxa7 Rxa7 15. Kh2
Na6 16. f4 exf4 17. gxf4 a4 18. Qg3 a3 19. b3 f6 20. f5 Kh8 21. Nf4 Re8 22. Bf3
Rg8 23. Bh5 Ra8 24. Bf7 Rf8 25. Be6 Bxe6 26. dxe6 Nb4 27. Rg1 Rg8 28. Qh4 Qf8
29. Rg3 Rc8 30. Rag1 Rd8 31. Rg4 h6 32. Nh5 c6 33. Nxg7 Rxg7 34. Rxg7 Qxg7 35.
Rxg7 Kxg7 36. Qf2 Na6 37. Qb6 Rb8 38. Qg1+ Kh8 39. Qd4 Kg7 40. Qxd6 Re8 41. Qd7
Kf8 42. e5 Nc5 43. Qd6 Kg7 44. Qxc5 Nxf5 45. Qg1+ Kf8 46. Qg6 Rxe6 47. Qxf5 Ke7
48. exf6+ Rxf6 49. Qh7+ Rf7 50. Qxh6 Rf6 51. Qg7+ Rf7 52. Qe5+ Kf8 53. Ne4 Rd7
54. Nd6 Rc7 55. Qf6+ Kg8 56. Qd8+ 1-0

[Event "AUTO-ELITE-1856"]
[Site "http://www.queenalice.com/game.php?id=1487568"]
[Date "2017.7.26"]
[Round "1"]
[White "ichtus"]
[Black "nnetto"]
[Result "1-0"]
[WhiteElo "2610"]
[BlackElo "2308"]

1. Nf3 d5 2. g3 Nc6 3. Bg2 e5 4. d3 Nf6 5. O-O Be7 6. Nbd2 O-O 7. e4 Re8 8. exd5
Nxd5 9. Re1 Bf8 10. Nc4 f6 11. d4 e4 12. Nfd2 f5 13. c3 a5 14. a4 Be6 15. f3
exf3 16. Qxf3 Nf6 17. Qd3 Qd7 18. Nf3 Ng4 19. Bg5 h6 20. h3 hxg5 21. hxg4 Be7
22. Nfe5 Nxe5 23. Nxe5 Qd6 24. Bxb7 Rab8 25. gxf5 Rxb7 26. fxe6 Qxe6 27. Re2 Bd6
28. Rh2 Bxe5 29. Qh7+ Kf7 30. dxe5 Rg8 31. Rd2 Ke8 32. Rad1 Rb8 33. Rd7 g4 34.
Rxc7 Rd8 35. Rd4 Rxd4 36. cxd4 Kf8 37. Qh5 g6 38. Qh7 g5 39. Ra7 Rg6 40. Ra8+
1-0

[Event "AUTO-ELITE-1856"]
[Site "http://www.queenalice.com/game.php?id=1487569"]
[Date "2017.7.26"]
[Round "1"]
[White "nnetto"]
[Black "ichtus"]
[Result "0-1"]
[WhiteElo "2305"]
[BlackElo "2616"]

1. e4 c5 2. Nf3 d6 3. d4 cxd4 4. Nxd4 Nf6 5. Nc3 g6 6. Be3 Bg7 7. f3 Nc6 8. Qd2
O-O 9. Bc4 Bd7 10. O-O-O Rc8 11. Bb3 Ne5 12. h4 h5 13. Bg5 Nc4 14. Qe2 Na5 15.
Kb1 Nxb3 16. cxb3 a5 17. Ka1 Rc5 18. Be3 Qe8 19. Nc2 Rc6 20. Bd4 b5 21. b4 Qa8
22. Bxf6 Bxf6 23. Nd5 Rfc8 24. Nd4 Bxd4 25. Nxe7+ Kh7 26. Nxc6 Qxc6 27. Qd2 Bg7
28. bxa5 Qc4 29. Rc1 Qa4 30. Kb1 Be6 31. a3 Bh6 32. Qxd6 Bxc1 33. Rxc1 Ba2+ 34.
Kxa2 Rxc1 35. Qd5 Kg8 36. Qd8+ Kg7 37. Qd3 Qxa5 38. Qd4+ Kh7 39. Qd5 Rc7 40. Qd6
Qa7 41. Kb1 Qg1+ 42. Ka2 Qc1 43. Qd3 Qc4+ 44. Qxc4 Rxc4 45. Kb3 Kg7 46. g3 Kf6
47. Ka2 Ke5 48. Kb3 Kd4 49. Ka2 Ke3 50. b3 Rc8 51. e5 Kxf3 52. a4 bxa4 53. bxa4
Kxg3 54. Ka3 Kxh4 55. Kb4 Kg5 56. a5 h4 0-1

[Event "AUTO-ELITE-1856"]
[Site "http://www.queenalice.com/game.php?id=1487574"]
[Date "2017.7.26"]
[Round "1"]
[White "nnetto"]
[Black "Sexxy_Bunny"]
[Result "0-1"]
[WhiteElo "2302"]
[BlackElo "2714"]

1. e4 c5 2. Nf3 d6 3. d4 cxd4 4. Nxd4 Nf6 5. Nc3 a6 6. Be2 e5 7. Nf3 h6 8. Nd2
b5 9. a4 b4 10. Nd5 Nxd5 11. exd5 Bb7 12. Nc4 a5 13. O-O Be7 14. f4 e4 15. Qd4
O-O 16. Qxe4 Nd7 17. Re1 Bh4 18. g3 Re8 19. Qf5 Bf6 20. Ne3 g6 21. Qd3 Qb6 22.
Bf1 Re7 23. Kg2 Rae8 24. f5 Bd4 25. fxg6 f6 26. Nc4 Qc5 27. Rxe7 Rxe7 28. Kh3
Qxd5 29. g4 h5 30. Qf5 hxg4+ 31. Qxg4 Re4 32. Bg2 Qxc4 33. Bxe4 Ne5 34. Bd3 Nxd3
35. b3 Nf2+ 36. Kh4 Nxg4 37. bxc4 Bxa1 38. Kxg4 Be4 39. h3 Bxc2 40. Bf4 b3 41.
Bd2 b2 42. Bc3 b1=Q 43. Bxa1 Qxa1 44. h4 Qf1 0-1

[Event "AUTO-ELITE-1856"]
[Site "http://www.queenalice.com/game.php?id=1487575"]
[Date "2017.7.26"]
[Round "1"]
[White "Sexxy_Bunny"]
[Black "nnetto"]
[Result "1-0"]
[WhiteElo "2703"]
[BlackElo "2301"]

1. e4 c5 2. Nf3 d6 3. d4 cxd4 4. Nxd4 Nf6 5. Nc3 a6 6. Bg5 e6 7. f4 Qc7 8. Bxf6
gxf6 9. Qd2 Nc6 10. O-O-O Bd7 11. Kb1 Nxd4 12. Qxd4 Be7 13. Be2 h5 14. Rhf1 Qc5
15. Qd2 b5 16. Bf3 b4 17. Ne2 Rc8 18. Nc1 a5 19. Nd3 Qd4 20. Qe2 Bb5 21. f5 h4
22. fxe6 fxe6 23. Bh5+ Kd7 24. Bg4 Bc4 25. b3 Bxd3 26. Rxd3 Qc5 27. Rd5 Qc6 28.
Rfd1 Rhg8 29. Bh3 Rg5 30. Qf2 Rgg8 31. e5 fxe5 32. Rxe5 Rg6 33. Re2 Kd8 34. Qf7
Rf6 35. Qg8+ Kc7 36. Qg7 Qd7 37. Rde1 Bd8 38. Qxd7+ Kxd7 39. Rxe6 Kc7 40. Rxf6
Bxf6 41. Bxc8 Kxc8 42. Re6 Be5 43. Rh6 Bxh2 44. Rxh4 Be5 45. Rh7 Bd4 46. g4 Be3
47. Rh5 Kd8 48. Rxa5 Kd7 49. a4 bxa3 50. Rxa3 Bd4 51. b4 Ke6 52. c3 Be3 53. Kc2
Ke5 54. Kd3 Bg1 55. Ra6 Bh2 56. b5 Ke6 57. g5 Be5 58. c4 Kf5 59. b6 Kxg5 60. Ke4
1-0

[Event "AUTO-ELITE-1955"]
[Site "http://www.queenalice.com/game.php?id=1519311"]
[Date "2018.3.11"]
[Round "1"]
[White "nnetto"]
[Black "ezat"]
[Result "1-0"]
[WhiteElo "2301"]
[BlackElo "2342"]

1. e4 e5 2. Nf3 d6 3. d4 exd4 4. Qxd4 Nc6 5. Bb5 Bd7 6. Bxc6 Bxc6 7. Nc3 Nf6 8.
Bg5 Be7 9. O-O-O O-O 10. Rhe1 Nd7 11. Bxe7 Qxe7 12. Nd5 Bxd5 13. exd5 Qf6 14.
Re3 Qxd4 15. Nxd4 Rfe8 16. Rde1 Rxe3 17. Rxe3 Nb6 18. c4 Kf8 19. b3 Re8 20. Kd2
a5 21. Nb5 Rc8 22. h4 h5 23. f4 a4 24. g3 Ra8 25. Nxc7 Rd8 26. Kd3 Nc8 27. f5
axb3 28. axb3 Na7 29. Re1 Rc8 30. Ra1 Rxc7 31. Rxa7 Ke7 32. b4 Kf6 33. Kd4 Kxf5
34. c5 Kg4 35. c6 1-0

[Event "AUTO-ELITE-1955"]
[Site "http://www.queenalice.com/game.php?id=1519312"]
[Date "2018.3.11"]
[Round "1"]
[White "ezat"]
[Black "nnetto"]
[Result "1-0"]
[WhiteElo "2341"]
[BlackElo "2314"]

1. e4 c5 2. Nf3 d6 3. d4 cxd4 4. Nxd4 Nf6 5. Nc3 a6 6. Bg5 e6 7. f4 Be7 8. Qf3
Qc7 9. O-O-O Nbd7 10. g4 b5 11. Bxf6 Nxf6 12. g5 Nd7 13. f5 Nc5 14. f6 gxf6 15.
gxf6 Bf8 16. Rg1 h5 17. a3 Bd7 18. Kb1 Rb8 19. b4 Rc8 20. bxc5 Qxc5 21. Rg3 h4
22. Rh3 Qxa3 23. Na2 Qa5 24. Nb3 Qb6 25. Qg2 a5 26. Rc3 Rb8 27. Be2 b4 28. Rcd3
a4 29. Nd2 Qc5 30. Nf3 b3 31. cxb3 axb3 32. Nc3 Rh6 33. Qg5 Qa3 34. Qd2 Rxf6 35.
Qb2 Qxb2+ 36. Kxb2 Rxf3 37. Rxf3 1-0

[Event "AUTO-ELITE-1955"]
[Site "http://www.queenalice.com/game.php?id=1538277"]
[Date "2018.8.9"]
[Round "2"]
[White "nnetto"]
[Black "ezat"]
[Result "1-0"]
[WhiteElo "2291"]
[BlackElo "2352"]

1. e4 c5 2. Nc3 e6 3. Nf3 d6 4. Bc4 Be7 5. O-O Nf6 6. d4 cxd4 7. Nxd4 O-O 8. Qf3
Qb6 9. Nb3 Nc6 10. Be2 e5 11. Qg3 Nd4 12. Nxd4 Qxd4 13. Bh6 Nh5 14. Bxh5 d5 15.
Qxg7# 1-0

[Event "AUTO-ELITE-1955"]
[Site "http://www.queenalice.com/game.php?id=1538278"]
[Date "2018.8.9"]
[Round "2"]
[White "ezat"]
[Black "nnetto"]
[Result "1-0"]
[WhiteElo "2338"]
[BlackElo "2305"]

1. e4 Nf6 2. e5 Nd5 3. d4 Nc6 4. Nf3 d6 5. c4 Nb6 6. exd6 exd6 7. Be2 Be7 8. O-O
O-O 9. Nc3 Bg4 10. b3 Bxf3 11. Bxf3 Nxd4 12. Qxd4 g5 13. Bxb7 Bf6 14. Qd3 Bxc3
15. Qxc3 Rb8 16. Bb2 Rxb7 17. Qh8# 1-0

[Event "AUTO-ELITE-1955"]
[Site "http://www.queenalice.com/game.php?id=1555153"]
[Date "2019.1.3"]
[Round "3"]
[White "nnetto"]
[Black "ezat"]
[Result "1-0"]
[WhiteElo "2328"]
[BlackElo "2298"]

1. e4 c5 2. Nc3 e6 3. Nf3 Nc6 4. Bb5 Nd4 5. O-O a5 6. d3 Nxb5 7. Nxb5 d6 8. Bf4
Be7 9. e5 d5 10. c4 Qb6 11. Qd2 d4 12. Nd6+ Kf8 13. Ng5 Bxd6 14. exd6 h6 15. Ne4
f5 16. Be5 fxe4 17. Qf4+ Nf6 18. Bxf6 gxf6 19. Qxf6+ Kg8 20. Qg6+ Kf8 21. f4 Qd8
22. f5 e5 23. f6 Qd7 24. Qxe4 Qxd6 25. Qg6 Qc7 26. Rae1 Qf7 27. Qg3 Ra6 28. Qxe5
Rc6 29. Qg3 Rg8 30. Qh4 Be6 31. Qxh6+ Ke8 32. Re5 Rg6 33. Qf4 Kd7 34. Rg5 Rxg5
35. Qxg5 1-0

[Event "AUTO-ELITE-1955"]
[Site "http://www.queenalice.com/game.php?id=1555154"]
[Date "2019.1.3"]
[Round "3"]
[White "ezat"]
[Black "nnetto"]
[Result "0-1"]
[WhiteElo "2287"]
[BlackElo "2339"]

1. e4 c5 2. Nf3 Nc6 3. Nc3 Nf6 4. Bb5 Nd4 5. e5 Nxb5 6. Nxb5 Nd5 7. Ng5 f5 8.
O-O Qb6 9. a4 a6 10. Nc3 Nxc3 11. dxc3 g6 12. Qe2 Bg7 13. Qc4 e6 14. Nf3 O-O 15.
a5 Qc6 16. Re1 Re8 17. Be3 Bf8 18. Qh4 d5 19. exd6 Qxd6 20. Bf4 Qe7 21. Bg5 Qc7
22. Ne5 Bg7 23. Nc4 Bd7 24. Rad1 Bc6 25. Re3 Bf8 26. Bf6 Be7 27. Rxe6 Rad8 28.
Rde1 Bxf6 29. Qxf6 Rxe6 30. Qxe6+ Kg7 31. Qe3 Re8 32. Qd2 Rxe1+ 33. Qxe1 Kf6 34.
Qd2 Qd7 35. Qxd7 Bxd7 0-1